Structural equation modeling and natural systems

Αποθηκεύτηκε σε:
Λεπτομέρειες βιβλιογραφικής εγγραφής
Κύριος συγγραφέας: Grace, James B.
Μορφή: Βιβλίο
Γλώσσα:English
Δημοσίευση: Cambridge, UK ; New York : Cambridge University Press, 2006
Θέματα:
Ετικέτες: Προσθήκη ετικέτας
Δεν υπάρχουν, Καταχωρήστε ετικέτα πρώτοι!

MARC

LEADER 00000nam a2200000 i 4500
001 1/49540
008 070730s2006 eng d
020 |a 978-0-521-83742-2 
020 |a 0-521-83742-1 
035 |l 10089213 
040 |a GR-MY-UA  |b gre  |e aacr 
041 0 |a eng 
082 0 |a 577.01519535  |2 (22) 
100 1 |a Grace, James B. 
245 1 0 |a Structural equation modeling and natural systems /  |c James B. Grace 
260 |a Cambridge, UK ; New York :   |b Cambridge University Press,   |c 2006 
300 |a xii, 365 σ.;  |b εικ.;  |c 24 εκ. 
504 |a Βιβλιογραφία: σ.350-360. Ευρετήριο 
650 0 0 |a Biotic communities  |x Mathematical models. 
650 0 0 |a Multivariate analysis. 
852 |a INST  |b SAMOS  |e 20070730  |h 577.01519535 GRA  |p 005300025771  |q 005300025771  |t BK  |y 0 
901 |a BIBL3-2007-2 
909 |a Σ  |b 135824 
922 |a 3ΕΛΗ  |b 200706  |c ΕΠΕΑΕΚ2/ΤΣΑΕ  |d ΕΛΕΥΘΕΡΟΥΔΑΚΗΣ 
970 |a ΚΟΣΙΕΡΗΣ  |b ΧΡΗΣΤΟΣ  |z 2007/07/30